| 000 | 00535nam a2200205 i 4500 | ||
|---|---|---|---|
| 001 | 14708 | ||
| 003 | ES-MaACL | ||
| 005 | 20240425163803.0 | ||
| 007 | t| | ||
| 008 | 990526s1983 aa |||| | fre d | ||
| 080 | _a891.893-14 (082.2) | ||
| 245 | 0 | 0 | _aAnthologie de la poésie albanaise. |
| 260 |
_aTirana : _bEditions "8 Nëntori", _c1983. |
||
| 300 |
_a417 p. ; _c19 cm. |
||
| 650 | 1 | 4 |
_aPoesías albanesas. _9166791 |
| 655 | 0 |
_9176540 _aAntologías |
|
| 852 |
_aES-MaACL _jL-21999 |
||
| 942 | _2udc | ||
| 999 |
_c14708 _d14708 |
||